000 00698nam a2200217 a 4500
005 20220818063542.0
008 140612s2003 cl r 000 0 spa d
020 _a9583009709
035 _aUPN01000197812
049 _aI
050 4 _aPZ74.3
_bB4.6
100 1 _aBernal Pinilla, Luis Darío,
_d1950-
_935734
245 1 0 _aNúmeros y palabritas :
_by otras locuras loquitas /
_cLuis Darío Bernal Pinilla ; il. Javier Fernando Porras.
260 _aBogotá :
_bPanamericana,
_c2003.
300 _a75 p. :
_bil. col.
440 0 _aQue pase el tren
650 4 _aPOESIA INFANTIL COLOMBIANA
_913987
650 0 _aCuentos infantiles colombianos
_94407
905 _aInfantil
999 _c169913
_d169913